000 00831nam a2200325Ia 4500
001 19565
003 IT-RoPAU
008 130308s9999 xx 000 0 und d
040 _aIT-RoPAU
040 _cIT-RoPAU
041 _aFRANCESE
100 _aMarker Chris
100 _gCodice Aut. SPICS: 4142
245 4 _aAnd Now This Is Cinerama
245 _bCinema 53 a Travers le Monde
250 _a1a ed.
260 _aPARIS
260 _bCerf
260 _c1954 [1° Ed.:1954 - Ed.Ling.Originale:1954]
300 _a"9 p. (prefazione: no ; testo: 9 [pagine: 18-26])"
500 _aQuesto è Il Cinerama
650 _aSTORIA DEL CINEMA
650 _eCodice materia Spics: 6808
700 _aLambert Gavin
700 _gCodice Aut. SPICS: 4265
942 _cBK
957 _71
999 _c53396
_d53396
999 _bSI
999 _g1